000 00200 a2200097 4500
001 48785
100 _aJones
245 _aField theory
260 _aN.D
_bKhamran publisher
_c
090 _c31685
_d31685
942 _aNUST-CAE
_cM
_c24097
999 _c283858
_d283858